| 000 | 03134nam a2200265Ia 4500 | ||
|---|---|---|---|
| 003 | Ost | ||
| 005 | 20260507075452.0 | ||
| 008 | 260507s9999||||xx |||||||||||||| ||und|| | ||
| 020 | _a3675433977 | ||
| 040 | _cfsecg | ||
| 041 | _aara | ||
| 082 | _a332.1 | ||
| 100 |
_aالمقدادى، عادل على _eمؤلف |
||
| 245 | 0 |
_aعمليات البنوك وفقا لقانون التجارة العماني (55 لسنة 1990) / _c عادل على المقدادى |
|
| 260 |
_aالاسكندرية: _bالمكتب الجامعي الحديث, _c2006 |
||
| 300 |
_a298 صفحة؛ _bإيضاحات ؛ _c24 سم |
||
| 504 | _aبيبليوغرافيا ص.283 | ||
| 520 | _aيعرض هذا الكتاب مايلي المقدمة-الفصل الأول : وديعة النقود : المبحث الأول : مفهوم وديعة النقود وخصائصها وأنواعها : المبحث الثاني : آثار عقد وديعة النقود-الفصل الثاني : وديعة الأوراق المالية : المبحث الأول : مفهوم وديعة الأوراق المالية وأنواعها : المبحث الثاني آثار عقد وديعة الأوراق المالية-الفصل الثالث : إيجار الخزائن : المبحث الأول : مفهوم إيجار الخزائن وطبيعته القانونية : المبحث الثاني : آثار عقد إيجار الخزائن-الفصل الرابع : النقل المصرفي (التحويل الحسابي) : المبحث الأول : مفهوم النقل المصرفي وشروطه وحالاته : المبحث الثاني : الطبيعة القانونية للنقل المصرفي : المبحث الثالث : آثار النقل المصرفي : المبحث الرابع : آثار الحجز والإفلاس-الفصل الخامس : الاعتمادات المصرفية : المبحث الأول : فتح الاعتماد (الاعتماد البسيط) : المبحث الثاني : الاعتماد المستندي-الفصل السادس : الخصم : المبحث الأول : مفهوم الخصم وشروطه : المبحث الثاني : الطبيعة القانونية للخصم : المبحث الثالث : آثار الخصم-الفصل السابع : خطاب الضمان : المبحث الأول : شروط خطاب الضمان : المبحث الثاني : الطبيعة القانونية لخطاب الضمان : المبحث الثالث : آثار خطاب الضمان-الفصل الثامن : الحساب الجاري : المبحث الأول : مفهوم الحساب الجاري وصوره : المبحث الثاني : شروط المدفوعات ونطاق الحساب الجاري : المبحث الثالث : آثار الحساب الجاري : المبحث الرابع : غلق الحساب الجاري وأثر الإفلاس عليه | ||
| 653 | _aاالاعتمادات المصرفية | ||
| 653 | _aالعمليات البنوك | ||
| 653 | _aالقانون التجاري | ||
| 653 | _aالنقل المصرفي | ||
| 653 | _aالوديعة | ||
| 942 | _cكتاب | ||
| 999 |
_c44634 _d44634 |
||